000
00249nam a2200109Ia 4500
008
200302s9999 xx 000 0 und d
100
_a
Carles Broto
245
_a
New Shopping Malls
260
_b
Azur Corporation
260
_c
2007
300
_a
239 P.,
999
_c
2768
_d
2768